| 000 | nam a22 7a 4500 | ||
|---|---|---|---|
| 999 |
_c21033 _d21033 |
||
| 008 | 170120b xxu||||| |||| 00| 0 eng d | ||
| 020 | _a9781933107790 | ||
| 050 |
_aRT55 _b.N87 2011 |
||
| 100 | _aAudrey Knippa | ||
| 245 |
_aNursing leadership and management review module / _cAudrey Knippa; Assessment Technologies Institute. |
||
| 250 | _a Ed. 5.0 | ||
| 260 |
_a[Stilwell, KS] : _b Assessment Technologies Institute, _c2011. |
||
| 300 |
_avi, 117 p. ; _c22 cm. |
||
| 440 | _aContent mastery series. | ||
| 650 | _aLeadership. | ||
| 650 |
_aNursing services _xAdministration _yExaminations, questions, etc. |
||
| 700 | _a Assessment Technologies Institute. | ||
| 942 |
_2lcc _cBOOKS _hRT55 .N87 2011 |
||